000 00568nmm a2200193Ia 4500
008 251105s9999||||xx |||||||||||||||||und||
020 _a9788490279410
041 _abaq
100 _aUsandizaga Lopez, Aintzane
245 0 _aKabitu ezina
264 _a[Madrid, España] :
_bElkar,
_c[Fecha de publicación no identificada]
300 _a120 páginas
490 _aLiteratura
650 _aSpanish narrative
700 _aUsandizaga Lopez, Aintzane
700 1 _a Aguado Sierra, Pili
856 _uhttps://public.digitaliapublishing.com/a/98300
942 _cCF
999 _c72177
_d72177